00330 a2200109 450000100060000008200120000610000250001824501120004326000340015530000080018950000230019791326 aPR 1222 aAbdul Ghafoor Ahmed; aAerodynamic Characteristics of a Wing in Incompessible Flow on the Basis of Thin Air foil Theoryn44 "A" EC aKarachibNED Universityc1996 a74p aBE Project Reports